| 000 | 02509nam0a2200517 4500 | ||
|---|---|---|---|
| 001 | RU\NLR\bibl\1055448 | ||
| 005 | 20260607071114.0 | ||
| 010 |
_a978-5-89282-290-9 _9300 |
||
| 021 |
_aRU _b2007-2231 _9105 |
||
| 035 | _a(nilc)RSL-KNO-003030351 | ||
| 035 | _a(NLR Aleph) 001042742 | ||
| 090 |
_a828981 _c828981 |
||
| 100 | _a20070213d2007 |||y0rusy50 ca | ||
| 101 | 0 |
_arus _deng |
|
| 102 | _aRU | ||
| 105 | _ay ||||||||| | ||
| 106 | _ar | ||
| 200 | 1 |
_aИстория Монголии _eXX век _f[М.И. Гольман, В.В. Грайворонский, Г.С. Яскина и др. _gотв. ред. Г.С. Яскина] _gРоссийская акад. наук, Ин-т востоковедения |
|
| 210 |
_aМосква _cИВ РАН _d2007 |
||
| 215 |
_a448 с. _d22 |
||
| 225 | 1 |
_aИстория стран Востока, XX век _fредкол.: Р.Б. Рыбаков (гл. ред.) [и др.] |
|
| 225 | 1 | _aВосток, XX | |
| 300 | _aАвт. указаны на 11-й с. текста | ||
| 300 | _aПосвящ. 800-летию образования единого Монгольского государства | ||
| 300 | _aРез. англ. | ||
| 320 | _aБиблиогр.: с. 425-433 | ||
| 320 | _aИмен. указ.: с. 434-439 | ||
| 320 | _aГеогр. указ.: с. 440-444 | ||
| 320 | _aУказ. монг. терминов: с. 445 | ||
| 607 |
_aМонголия _xИстория _z20 в. _91541519 _3RU\NLR\auth\66973343 |
||
| 610 | 0 | _aИстория. Исторические науки -- История зарубежных стран -- Монголия -- 1921- | |
| 686 |
_aТ3(5Мо)7,02 _2rubbk |
||
| 686 | _aТ3(5Мо)44,022.1 | ||
| 686 | _aТ3(5Мо)7,02 | ||
| 701 | 1 |
_aГольман _bМ. И. _gМарк Исаакович _4070 |
|
| 701 | 1 |
_aГрайворонский _bВ. В. _gВладимир Викторович _4070 |
|
| 701 | 1 |
_4070 _7ca _8rus _aЯскина _bГ. С. _f1932- _gГалина Сергеевна _9126043 _3RU\NLR\auth\7716403 |
|
| 702 | 1 |
_4340 _7ca _8rus _aЯскина _bГ. С. _f1932- _gГалина Сергеевна _9126043 _3RU\NLR\auth\7716403 |
|
| 712 | 0 | 2 |
_4570 _aИнститут востоковедения _cМосква _9498968 _3RU\NLR\AUTH\8810000899 |
| 801 | 0 |
_aRU _bРКП _c20070213 _grcr |
|
| 801 | 1 |
_aRU _bРГБ _c20070213 |
|
| 801 | 2 |
_aRU _bNLR _c20070307 _grcr |
|
| 830 | _aавт. по базе и ГАКу | ||
| 942 | _cBOOK | ||
| 980 | _aNB | ||